1862 1340 1200 1158 1379 1760 1045 1934 1993 1563 1041 1194 1245 1409 1618 1049 1689 1371 1418 1340 1418 1425 2000 1746 1736 1394 1294 1906 1565 1840 1699 1662 1278 1277 1562 1494 1717 1443 1278 1710 1498 1791 1692 1332 1010 1438 1060 1096 1132 1035 1991 1675 1449 1425 1307 1741 1238 1598 1227 1185 1101 1948 1723 1501 1417 1550 1066 1115 1343 1242 1675 1455 1515 1842 1983 1981 1650 1246 1972 1229 1283 1797 1004 1864 1453 1997 1090 1040 1505 1348 1910 1572 1256 1933 1565 1618 1942 1196 1327 BCNSPRNW ULIB Ver.6.0+V

เปลี่ยนเป็นภาษาไทย

Change to English
 แสดงรายละเอียดบรรณานุกรม
  กลับหน้าหลัก

Brief Record : Get Marc (ISO 2709) : E-mail record : QR code < ปิดหน้าต่าง
LEADER : 00000nam 2200000uu 4500
001    13399114882
003     ULIB
008    120613s2542||||th 000 0 tha d
020    ^a9742931151
060  0 ^aWA546^bป361ค 2542
245 00 ^aความก้าวหน้าการพัฒนาศักยภาพชุมชนเพื่อการสาธารณสุขแบบบูรณการ เขต 1 /^cศูนย์ฝึกอบรมและพัฒนาการสาธารณสุขมูลฐาน ภาคกลาง
250    ^aพิมพ์ครั้งที่ 1
260    ^a[กรุงเทพฯ] :^bศูนย์ฝึกอบรมและพัฒนาการสาธารณสุขมูลฐาน ภาคกลาง,^c2542
300    ^a74 หน้า :^bแผนที่ ;^c26 ซม.
500    ^aSend to Single Search
650  4 ^aโรค^xการป้องกันและควบคุม
650  4 ^aเวชศาสตร์ชุมชน^zไทย
650  4 ^aชุมชน
650  4 ^aสาธารณสุขมูลฐาน
710 2  ^aศูนย์ฝึกอบรมและพัฒนาการสาธารณสุขมูลฐาน ภาคกลาง
945    ^p0^l0^i7234
995    ^aกัณชพร
999 ^a ใช้งานได้ทุกระบบ
รายการนี้ยังไม่มีแท็ก
คุณยังไม่ได้ล็อกอิน คุณสามารถมีกิจกรรมร่วมกับเว็บไซต์ได้ แต่ต้องล็อกอินก่อน ::
  ล็อกอิน

รายการสื่อสารสนเทศ

ลำดับที่ ประเภท เลขเรียก/บาร์โค้ด สถานที่ สถานะ
- ไม่พบข้อมูล -

รายการใกล้เคียง
    หัวเรื่อง [ชุมชน]
    หัวเรื่อง [สาธารณสุขมูลฐาน]

BibComment


ยังไม่เคยถูกคอมเมนท์

คอมเมนท์ทรัพยากรรายการนี้
  คอมเมนท์: ความก้าวหน้าการพ..


 Copyright 2026. Bcnsprnw @Library